| 000 | 00445nam a2200169Ia 4500 | ||
|---|---|---|---|
| 005 | 20240921143631.0 | ||
| 008 | 240921s9999||||xx |||||||||||||| ||und|| | ||
| 041 | _aENGLISH | ||
| 082 | _A621.3121 N6 | ||
| 100 | _aSkrotzki,Bernhardt G A et al. | ||
| 245 | 0 | _aPower station Engineering and Economy | |
| 250 | _a2nd | ||
| 260 |
_c1996 _bTata McGraw Hill,New Delhi |
||
| 650 |
_aPower Electronics _bElectrical |
||
| 942 | _cBB | ||
| 999 |
_c248068 _d248068 |
||